000 00304nam a22001337a 4500
008 171208b xxu||||| |||| 00| 0 eng d
020 _a9780674741133
041 _aeng
080 _a621
100 _a27
101 _aINXH
245 _aQUANTUM MECHANICS AND EXPERIENCE
_cALBERT, D.Z
942 _2udc
_cBK
999 _c38838
_d38838